000 00448nam a2200181Ia 4500
003 GCL
008 140319s9999 xx 000 0 eng d
040 _aGCL /
_cGCL
082 0 4 _a759
_bL G
100 1 _aDE LAPRADE, JA CQUES
245 1 0 _aGEARGESS SEURAT /
_cDE LAPRADE, JA CQUES
260 _a[S.N] :
_bLES DOCUMENTS D'ART ،
_c1945
300 _a96
650 0 4 _aARTS
650 0 4 _aPAINTING
650 0 4 _aSEURAT, GEORGES
942 _2ddc
_cBK
999 _c20721
_d20721